Otec /

Hlavní autor: Nekula, Marek, 1965-
Jazyk: Čeština
Vydáno: Praha : Torst, 2008
Vydání: Vyd. 1.
Témata:
Externí odkaz: Digitalizovaný dokument
Fyzický popis: 127 s. ; 20 cm
Knihy
Uloženo v:
LEADER 01053cam a2200325 a 4500
001 nkc20091854422
003 CZ PrNK
005 20091201093227.0
007 ta
008 081216s2008 xr g 000 f cze d
015 |a cnb001854422 
020 |a 978-80-7215-363-3  |q (brož.) 
035 |a (OCoLC)403644575 
040 |a ULG001  |b cze  |d BOA001 
072 7 |a 821.162.3-3  |x Česká próza  |2 Konspekt  |9 25 
080 |a 821.162.3-31  |2 MRF 
080 |a (0:82-31)  |2 MRF 
100 1 |a Nekula, Marek,  |d 1965-  |7 jn20000401847  |4 aut 
245 1 0 |a Otec /  |c Marek Nekula 
250 |a Vyd. 1. 
260 |a Praha :  |b Torst,  |c 2008 
300 |a 127 s. ;  |c 20 cm 
655 7 |a české romány  |7 fd133974  |2 czenas 
655 9 |a Czech fiction  |2 eczenas 
856 4 1 |u http://www.digitalniknihovna.cz/mzk/uuid/uuid:ab8c66c0-bf24-11e3-b110-005056827e51  |y Digitalizovaný dokument  |x NDK 
910 2 |a BOA001  |b 2-1220.521 
990 |a BK 
995 |a 01 
991 |b 200903 
996 6 |b 2610372258  |c 2-1220.521  |l MZK  |r Sklad / do 1 hodiny  |n 2  |p p.v.  |w 000933699  |u 000010  |a 1  |e BOA001  |j MZK50  |s P